| 000 | 00638cam a2200193 4500 | ||
|---|---|---|---|
| 003 | OSt | ||
| 005 | 20250801115456.0 | ||
| 008 | 740401s1972 enka b f000 0 eng | ||
| 040 |
_aKABLIB _cKABLIB _beng _erda |
||
| 082 | 0 | 0 |
_a614.09 _223 _bMED |
| 110 | 1 |
_aGreat Britain. _bOffice of Health Economics. _914590 |
|
| 245 | 1 | 0 |
_aMedical care in developing countries / _cMaurice King |
| 260 |
_aNairobi : _bOxford University Press, _cc1966. |
||
| 300 |
_avarious pagings. ; _bill. ; _c22 cm. |
||
| 500 | _aIncludes bibliography, index. | ||
| 650 | 0 |
_aMedical care _zDeveloping countries. _914591 |
|
| 700 |
_aKing, Maurice _94214 |
||
| 942 |
_2ddc _cBOOK |
||
| 999 |
_c5762 _d5762 |
||